Central Library OPAC University of Rajshahi

Textbook of zoology / (Record no. 68630)

MARC details
000 -LEADER
fixed length control field 00772nam a2200253 a 4500
001 - CONTROL NUMBER
control field 68630
003 - CONTROL NUMBER IDENTIFIER
rucl marc code BD-RjUL
005 - DATE AND TIME OF LATEST TRANSACTION
control field 20211209081807.0
008 - FIXED-LENGTH DATA ELEMENTS--GENERAL INFORMATION
fixed length control field 170404s1972 enka 001 0 eng d
035 ## - SYSTEM CONTROL NUMBER
System control number (BD-RjUL)68840
040 ## - CATALOGING SOURCE
Original cataloging agency BD-RjUL
Language of cataloging eng
Transcribing agency BD-RjUL
041 ## - LANGUAGE CODE
Language code of text/sound track or separate title eng
082 ## - DEWEY DECIMAL CLASSIFICATION NUMBER
Edition number 23
Classification number 590
Author mark and year PAT 1972
100 1# - MAIN ENTRY--PERSONAL NAME
Personal name Parker, T. Jeffery
Fuller form of name (Thomas Jeffery),
Dates associated with a name 1850-1897.
9 (RLIN) 158078
245 10 - TITLE STATEMENT
Title Textbook of zoology /
Statement of responsibility, etc. by T. Jeffery Parker and William A. Haswell
250 ## - EDITION STATEMENT
Edition statement 7th Ed.
260 ## - PUBLICATION, DISTRIBUTION, ETC. (IMPRINT)
Place of publication, distribution, etc. London :
Name of publisher, distributor, etc. Macmillan,
Date of publication, distribution, etc. 1972, 1977.
300 ## - PHYSICAL DESCRIPTION
Pagination 2 V. :
Illustrations ill. ;
Size 25 cm.
504 ## - BIBLIOGRAPHY, ETC. NOTE
Bibliography, etc Bibliography p. 839-846. - Includes index
505 ## - FORMATTED CONTENTS NOTE
Formatted contents note Vol. 1 -- V.2.--
650 #0 - SUBJECT ADDED ENTRY--TOPICAL TERM
Topical term or geographic name as entry element Zoology
9 (RLIN) 203404
700 1# - ADDED ENTRY--PERSONAL NAME
Personal name Haswell, William A.
Dates associated with a name 1854-1925.
942 ## - ADDED ENTRY ELEMENTS (KOHA)
Source of classification or shelving scheme Dewey Decimal Classification
Koha item type Books
Holdings
Lost status Source of classification or shelving scheme Damaged status Not for loan Collection code Permanent Location Current Location Shelving location Date acquired Source of acquisition Cost, normal purchase price Total Checkouts Full call number Date last seen Copy number Koha item type
  Dewey Decimal Classification   Not For Loan Non-fiction Central Library, University of Rajshahi Central Library, University of Rajshahi Reading Room 10/08/1968 swets & zeitlinger 35.00   590 PAT V-1 1957 04/04/2017 C-1 Books
  Dewey Decimal Classification     Non-fiction Central Library, University of Rajshahi Central Library, University of Rajshahi   20/06/1981 Eureka book Agency, Rajshahi 150.00   590 PAT V-2 1977 27/11/2018 C-2 Books